| 000 | 00930nam a2200241Ia 4500 | ||
|---|---|---|---|
| 003 | GCL | ||
| 005 | 20240530102913.0 | ||
| 008 | 140319s9999 xx 000 0 ara d | ||
| 020 | _a9770137812 | ||
| 040 |
_aGCL / _cGCL |
||
| 082 | 0 | 4 |
_a962.08 _bق/ن ت |
| 100 | 1 | _aنبيل راغب | |
| 245 | 1 | 0 |
_aتجربة مبارك الديمقراطية : _bالتنظير والتطبيق / _cنبيل راغب |
| 260 |
_aالقاهرة : _bالهيئة المصرية العامة للكتاب ، _c1994 |
||
| 300 |
_a457 ص ؛ _c24 سم |
||
| 650 | 0 | 4 | _aمصر - الاحوال السياسية |
| 650 | 0 | 4 | _aالصحافة - مصر |
| 650 | 0 | 4 | _aمصر - الاحوال الاجتماعية |
| 650 | 0 | 4 | _aمصر - تاريخ - العصر الحديث |
| 650 | 0 | 4 | _aمصر - الامن القومي |
| 650 | 0 | 4 | _aمصر - الاحوال الاقتصادية - العصر الحديث - حسنى مبارك |
| 942 |
_2ddc _cBK |
||
| 999 |
_c35276 _d35276 |
||